000 01191cam a2200373 a 4500
001 5666
003 FISKH
005 20250110084329.0
008 020614s2002 nyua b 000 1 eng d
010 _a 2002283632
020 _a0439317185
020 _a078073003990
040 _aCO2
_cCO2
_dDLC
_beng
050 _aPZ7.S6294
082 _a557
100 1 _aSlater, Teddy.
245 1 4 _aThe Littles go on a hike /
_cadapted by Teddy Slater from The Littles take a trip by John Peterson ; illustrated by Jacqueline Rogers.
260 _aNew York :
_bScholastic,
_c2002.
300 _a32 pages :
_bcolor illustrations ;
_c23 cm
440 0 _aLittles first readers
505 _aK
520 _aThe Little family embarks on a perilous hike to visit their neighbors.
521 _a520
_bLexile
521 _aK
_bRaz-Plus
650 0 _aChildren's stories.
650 0 _aFantasy.
650 1 _aHiking
_vFiction.
650 1 _aFamilies
_vFiction.
700 1 _aRogers, Jacqueline,
_d1958-
_eillustrator
700 1 2 _aPeterson, John,
_d1924-2002.
_tLittles take a trip.
906 _a7
_bcbc
_ccopycat
_d3
_encip
_f20
_gy-gencatlg
942 _2ddc
_cBK
_n0
999 _c5666
_d5666